| 000 | 01719cam a2200397Li 4500 | ||
|---|---|---|---|
| 001 | ocn762874186 | ||
| 003 | TZ-ArACH | ||
| 005 | 20130710113949.0 | ||
| 008 | 110906s2011 fr f p 000 0 fre d | ||
| 015 |
_a01148954 _2bnf |
||
| 016 | 7 |
_aFRBNF425000380000009 _2FrPBN |
|
| 020 | _a9782297018821 (br) | ||
| 020 | _a2297018827 (br) | ||
| 035 | _a(OCoLC)762874186 | ||
| 040 |
_aBDF _encafnor _bfre _cTZ-ArACH |
||
| 041 | _aFre | ||
| 049 | _aTZAA | ||
| 050 |
_aKJV7979 _b.K65 |
||
| 082 | 1 | 4 |
_a345.44 _222 |
| 100 | 1 |
_aKolb, Patrick. _4aut _912538 |
|
| 245 | 1 | 2 |
_aEssentiel du droit pénal général : les grands principes, la responsabilité pénale, les peines 2011-2012 / _bles grands principes, la responsabilité pénale, les peines / _cPatrick Kolb, Laurence Leturmy. |
| 250 | _a8e éd., 2011-2012. | ||
| 260 |
_aParis : _bGualino-Lextenso éd., _c2011 _e(46-Mercuès : _fImpr. France Quercy) |
||
| 300 |
_a1 vol. (109 p.) ; _c17 cm. |
||
| 490 | 0 |
_aLes carrés : droit, science politique, _x1288-8206 |
|
| 500 | _aBibliogr., 1 p. | ||
| 650 | 7 |
_aDroit pénal _zFrance. _912539 |
|
| 700 | 1 |
_aLeturmy, Laurence. _4aut _912537 |
|
| 760 | 0 |
_tLes Carrés (Paris. 1996)., _d2011 _x1288-8206 _w(FrPBN)34293031 |
|
| 856 | 4 | 2 |
_3Notice et cote du catalogue de la Bibliothèque nationale de France _uhttp://catalogue.bnf.fr/ark:/12148/cb425000389 |
| 886 | 1 |
_2intermrc _a009 _ba--dh-us----------- |
|
| 886 | 2 |
_2intermrc _a680 _b0- _a340 _b340 |
|
| 942 |
_2lcc _cBOOK |
||
| 999 |
_c2545 _d2545 |
||